000 03035cam a22005298i 4500
999 _c27509
_d27509
001 9780429452161
003 FlBoTFG
005 20240802122159.0
006 m o d
007 cr |||||||||||
008 201127s2021 nyu ob 001 0 eng
020 _a9780429452161
_q(ebook)
020 _a0429452160
020 _a9780429838873
_q(electronic bk. : EPUB)
020 _a0429838875
_q(electronic bk. : EPUB)
020 _a9780429838880
_q(electronic bk. : PDF)
020 _a0429838883
_q(electronic bk. : PDF)
020 _a9780429838866
_q(electronic bk. : Mobipocket)
020 _a0429838867
_q(electronic bk. : Mobipocket)
020 _z9781138322264
_q(hardback)
020 _z9780415633581
_q(paperback)
035 _a(OCoLC)1224583169
035 _a(OCoLC-P)1224583169
040 _aOCoLC-P
_beng
_erda
_cOCoLC-P
050 0 0 _aTJ808
072 7 _aSCI
_x024000
_2bisacsh
072 7 _aTEC
_x031010
_2bisacsh
072 7 _aARC
_x018000
_2bisacsh
072 7 _aPHDY
_2bicssc
082 0 0 _a621.042
_223
100 1 _aTwidell, John,
_eauthor.
245 1 0 _aRenewable energy resources /
_cJohn Twidell ; from previous editions with Tony Weir.
250 _a4th edition.
264 1 _aNew York :
_bRoutledge,
_c2021.
300 _a1 online resource
336 _atext
_btxt
_2rdacontent
337 _acomputer
_bc
_2rdamedia
338 _aonline resource
_bcr
_2rdacarrier
520 _a"Renewable Energy Resources is a numerate and quantitative text. It covers the many renewables technologies implemented worldwide by harnessing sustainable resources, mitigating pollution and climate change, and providing cost effective services. This 4th edition is extensively updated by John Twidell with global developments as underpinned by fundamental analysis and illustrated by case studies and worked examples. Efficiency of end-use and cost effectiveness is emphasized. Each chapter begins with fundamental scientific theory, and then considers applications, environmental impact and socio-economic aspects, before concluding with Quick Questions for self-revision, Problems and new Exercises. Basic theory underlying the technologies is covered in succinct Reviews of electrical power, fluid dynamics, heat transfer and solid-state physics. Common symbols and cross-referencing apply throughout; essential data are tabulated in Appendices. Renewable Energy Resources supports multi-disciplinary master's degrees in science and engineering, and specialist modules at undergraduate level. Practicing scientists and engineers will find it a useful introductory text and reference book"--
_cProvided by publisher
588 _aOCLC-licensed vendor bibliographic record.
650 0 _aRenewable energy sources.
650 7 _aSCIENCE / Energy
_2bisacsh
700 1 _aWeir, Anthony D.,
_eauthor.
856 4 0 _3Taylor & Francis
_uhttps://www.taylorfrancis.com/books/9780429452161
856 4 2 _3OCLC metadata license agreement
_uhttp://www.oclc.org/content/dam/oclc/forms/terms/vbrl-201703.pdf
942 _2ddc
_cEBK